[Event "Criciuma op"]
[Site "Criciuma"]
[Date "2023.01.18"]
[Round "8"]
[White "De Ramos, Mitzi Vedan"]
[Black "Dias, Marcelo de Souza"]
[Result "0-1"]
[WhiteElo "1593"]
[BlackElo "1857"]
[PlyCount "124"]
[EventDate "2023.01.13"]
[EventType "swiss"]
[EventRounds "9"]
[EventCountry "BRA"]
[SourceTitle "CBM 212 Extra"]
[Source "ChessBase"]
[SourceDate "2023.03.31"]
[SourceVersion "1"]
[SourceVersionDate "2023.03.31"]
[SourceQuality "1"]

1. e4 c5 2. c3 Nf6 3. e5 Nd5 4. d4 cxd4 5. Nf3 Nc6 6. cxd4 d6 7. Bc4 Nb6 8. Bb5 a6 9. Be2 dxe5 10. Nxe5 Qxd4 11. Qxd4 Nxd4 12. Bd3 f6 13. Nf3 Nxf3+ 14. gxf3 e5 15. Nc3 Bb4 16. Bd2 Be6 17. a3 Bxc3 18. Bxc3 Nd5 19. Bd2 Rc8 20. Be4 Kf7 21. Ke2 f5 22. Bxd5 Bxd5 23. Bc3 Rhe8 24. Rhg1 Rcd8 25. Rad1 g6 26. Rd2 Bc4+ 27. Kd1 Ke6 28. Re1 Rxd2+ 29. Kxd2 Rd8+ 30. Kc2 Rd5 31. b3 Bd3+ 32. Kb2 Bb5 33. Kc2 Bc6 34. Re3 f4 35. Re1 a5 36. Kb2 Rb5 37. Bd2 g5 38. Rg1 Kf5 39. Rc1 Rd5 40. Bc3 h5 41. h4 g4 42. fxg4+ hxg4 43. Rg1 Rd3 44. Re1 e4 45. Bxa5 Rh3 46. Bd8 Rh2 47. Rf1 g3 48. Bb6 g2 49. Rc1 f3 50. Rc5+ Ke6 51. Re5+ Kd7 52. Rg5 Rh1 53. h5 g1Q 54. Rxg1 Rxg1 55. h6 Rh1 56. Be3 Ke6 57. Kc3 Kf7 58. a4 Kg6 59. a5 Re1 60. Kd4 Rxe3 61. Kxe3 Kxh6 62. b4 Kg5 0-1

[Event "Criciuma op"]
[Site "Criciuma"]
[Date "2023.01.16"]
[Round "5"]
[White "Dos Santos, Nicoly Guilherme"]
[Black "De Ramos, Mitzi Vedan"]
[Result "0-1"]
[WhiteElo "1729"]
[BlackElo "1593"]
[PlyCount "86"]
[EventDate "2023.01.13"]
[EventType "swiss"]
[EventRounds "9"]
[EventCountry "BRA"]
[SourceTitle "CBM 212 Extra"]
[Source "ChessBase"]
[SourceDate "2023.03.31"]
[SourceVersion "1"]
[SourceVersionDate "2023.03.31"]
[SourceQuality "1"]

1. e4 e5 2. Nf3 Nc6 3. Bc4 Bc5 4. Nc3 Nf6 5. d3 h6 6. a3 a5 7. 0-0 d6 8. h3 0-0 9. Qe2 Be6 10. Ba2 Nd4 11. Nxd4 Bxd4 12. Nd5 a4 13. c3 Ba7 14. c4 c6 15. Nb4 Nd7 16. Nc2 Nc5 17. Ne3 Qd7 18. Qf3 Nxd3 19. Bd2 Nf4 20. Nf5 Bxf5 21. exf5 Qxf5 22. Bb1 Qf6 23. Kh2 d5 24. cxd5 cxd5 25. Ba2 e4 26. Qxf4 Bb8 27. Qxb8 Raxb8 28. Bc3 d4 29. Bb4 Rfe8 30. Rac1 Qe5+ 31. Kh1 Rbc8 32. Rce1 d3 33. Bc3 Rxc3 34. bxc3 Qxc3 35. Rc1 Qb2 36. Bd5 Qd4 37. Bxb7 d2 38. Rcd1 Re7 39. Ba6 Rc7 40. Be2 Rc3 41. Rb1 Qc5 42. Rb5 Qxb5 43. Bxb5 Rc1 0-1

[Event "Criciuma op"]
[Site "Criciuma"]
[Date "2023.01.15"]
[Round "4"]
[White "De Ramos, Mitzi Vedan"]
[Black "Schena, Arthur"]
[Result "0-1"]
[WhiteElo "1593"]
[BlackElo "1918"]
[PlyCount "124"]
[EventDate "2023.01.13"]
[EventType "swiss"]
[EventRounds "9"]
[EventCountry "BRA"]
[SourceTitle "CBM 212 Extra"]
[Source "ChessBase"]
[SourceDate "2023.03.31"]
[SourceVersion "1"]
[SourceVersionDate "2023.03.31"]
[SourceQuality "1"]

1. e4 c5 2. c3 Nf6 3. e5 Nd5 4. d4 cxd4 5. Nf3 e6 6. cxd4 Nc6 7. Bc4 d6 8. 0-0 Be7 9. exd6 Qxd6 10. Nc3 Nxc3 11. bxc3 0-0 12. Qe2 b6 13. Rd1 Qc7 14. Bb2 Bb7 15. Rac1 Na5 16. Bd3 Bxf3 17. Qxf3 Nc4 18. Qe4 g6 19. Bxc4 Qxc4 20. a3 Rac8 21. Qd3 Rfd8 22. Ra1 Qxd3 23. Rxd3 Rc4 24. a4 Rd5 25. Kf1 Ra5 26. Rc1 Bf6 27. Rcd1 Rcxa4 28. Bc1 Kg7 29. Bf4 Rc4 30. Bb8 Rc8 31. Bg3 Ra2 32. Rc1 Bg5 33. f4 Bf6 34. c4 Ra4 35. d5 exd5 36. Rxd5 Raxc4 37. Rxc4 Rxc4 38. Rd7 Ra4 39. Bf2 Rxf4 40. Ke2 Ra4 41. Rb7 Ra2+ 42. Kf3 h5 43. g3 g5 44. Be3 Kg6 45. h3 Ra3 46. Kf2 g4 47. hxg4 hxg4 48. Bf4 Bd4+ 49. Ke2 a5 50. Kd2 a4 51. Ra7 b5 52. Ra6+ f6 53. Bd6 Rb3 54. Kc2 Kf5 55. Ra8 Be5 56. Be7 Rxg3 57. Ra5 Rb3 58. Ra8 g3 59. Rg8 g2 60. Kc1 Rg3 61. Rxg3 Bxg3 62. Bc5 Bh2 0-1

[Event "Pan American-ch U16 Girls"]
[Site "Montevideo"]
[Date "2022.06.27"]
[Round "2"]
[White "De Ramos, Mitzi Vedan"]
[Black "Contreras Huaman, Fiorella Daiana"]
[Result "0-1"]
[WhiteElo "1565"]
[BlackElo "1915"]
[PlyCount "90"]
[EventDate "2022.06.26"]
[EventType "swiss"]
[EventRounds "9"]
[EventCountry "URU"]
[SourceTitle "EXT 2023"]
[Source "ChessBase"]
[SourceDate "2022.10.05"]
[SourceVersion "1"]
[SourceVersionDate "2022.10.05"]
[SourceQuality "1"]

1. e4 c6 2. d4 d5 3. Nc3 dxe4 4. Nxe4 Nf6 5. Nxf6+ exf6 6. Bf4 Bd6 7. Bxd6 Qxd6 8. c3 0-0 9. Bd3 Nd7 10. Ne2 Rd8 11. Qc2 Nf8 12. 0-0 g6 13. Rfe1 f5 14. Ng3 Be6 15. h4 c5 16. Rad1 cxd4 17. cxd4 Rac8 18. Qe2 Qf4 19. h5 Rxd4 20. b3 Rcd8 21. hxg6 hxg6 22. Qc2 Qd6 23. Be2 Rd2 24. Qc3 Qd4 25. Qxd4 R8xd4 26. Nf1 Rxe2 27. Rxd4 Rxe1 28. f3 Ra1 29. Ra4 Bd7 30. Rb4 Bc6 31. a4 Ne6 32. Kf2 Nc5 33. Ke2 a5 34. Rd4 Nxb3 35. Rd8+ Kg7 36. Ne3 Bxa4 37. Rb8 Bb5+ 38. Kf2 f4 39. Rxb7 fxe3+ 40. Kxe3 Bc4 41. f4 Re1+ 42. Kf2 Re2+ 43. Kg3 Rxg2+ 44. Kh3 Bf1 45. f5 Nd4 0-1

[Event "Florianopolis op 8th"]
[Site "Florianopolis"]
[Date "2022.01.24"]
[Round "1"]
[White "Machado, Hualason Jose Soare"]
[Black "De Ramos, Mitzi Vedan"]
[Result "1-0"]
[WhiteElo "2041"]
[BlackElo "1462"]
[PlyCount "39"]
[EventDate "2022.01.24"]
[EventType "swiss"]
[EventRounds "10"]
[EventCountry "BRA"]
[SourceTitle "CBM 206 Extra"]
[Source "ChessBase"]
[SourceDate "2022.03.31"]
[SourceVersion "1"]
[SourceVersionDate "2022.03.31"]
[SourceQuality "1"]

1. Nf3 d5 2. g3 Nf6 3. Bg2 g6 4. c4 Bg7 5. cxd5 Nxd5 6. 0-0 0-0 7. d4 Nd7 8. e4 N5f6 9. Nc3 e6 10. Bg5 h6 11. Bf4 Nh5 12. Be3 c5 13. dxc5 Qe7 14. Rc1 Nxc5 15. Nd5 exd5 16. Bxc5 Qd8 17. Bxf8 Qxf8 18. exd5 Bxb2 19. Rb1 Qg7 20. Qe2 1-0

[Event "Pan American-ch Hybrid U14 Girls 31st"]
[Site "Tornelo INT"]
[Date "2021.09.04"]
[Round "8"]
[White "Buiar, Maria Eduarda Beral"]
[Black "De Ramos, Mitzi Vedan"]
[Result "0-1"]
[WhiteElo "1344"]
[BlackElo "1402"]
[PlyCount "154"]
[EventDate "2021.09.04"]
[EventType "swiss"]
[EventRounds "9"]
[EventCountry "NET"]
[SourceTitle "EXT 2023"]
[Source "ChessBase"]
[SourceDate "2022.10.05"]
[SourceVersion "1"]
[SourceVersionDate "2022.10.05"]
[SourceQuality "1"]

1. e4 e5 2. Bc4 Bc5 3. Nf3 Nc6 4. c3 Nf6 5. d3 h6 6. h3 d6 7. 0-0 0-0 8. Re1 Bb6 9. Nbd2 Re8 10. b4 Bd7 11. a4 a5 12. b5 Ne7 13. Qb3 Rf8 14. Rb1 Ng6 15. d4 Rb8 16. dxe5 Nxe5 17. Nxe5 dxe5 18. Ba3 c5 19. bxc6 bxc6 20. Qa2 c5 21. Bb3 Qc7 22. Nc4 Ba7 23. Ne3 Bc6 24. f3 c4 25. Bxc4 Rxb1 26. Qxb1 Rb8 27. Qd3 Rd8 28. Qe2 Bxa4 29. Bd5 Nxd5 30. exd5 Qxc3 31. Bc1 Bb5 32. Qd2 Qxd2 33. Bxd2 a4 34. Kh2 Bxe3 35. Rxe3 Rxd5 36. Bb4 f6 37. Kg3 Rd3 38. Re1 Kf7 39. Kg4 Kg6 40. Kg3 h5 41. h4 Kf5 42. Bf8 g5 43. Be7 Bc4 44. Ra1 Bb3 45. Re1 Rd4 46. hxg5 fxg5 47. Bc5 Rd5 48. Ba3 Rd2 49. Bb4 h4+ 50. Kh3 Rd1 51. Rxd1 Bxd1 52. Kh2 g4 53. fxg4+ Kxg4 54. Bd6 e4 55. Bc5 Bc2 56. Kg1 h3 57. gxh3+ Kxh3 58. Kf2 Kg4 59. Ke3 Kf5 60. Bb4 Ke5 61. Ba3 Kd5 62. Kd2 Bb1 63. Kc1 Bd3 64. Kd2 Kc4 65. Bb2 Kb3 66. Bd4 a3 67. Be5 Ka2 68. Kc1 e3 69. Bc3 e2 70. Kd2 Bc4 71. Bb4 Kb2 72. Be7 a2 73. Bf6+ Kb1 74. Ke1 a1Q 75. Bxa1 Kxa1 76. Kd2 Kb2 77. Ke1 Kc1 0-1

[Event "Pan American-ch Hybrid U14 Girls 31st"]
[Site "Tornelo INT"]
[Date "2021.09.04"]
[Round "9"]
[White "De Ramos, Mitzi Vedan"]
[Black "Dias, Clara"]
[Result "1/2-1/2"]
[WhiteElo "1402"]
[BlackElo "1307"]
[PlyCount "115"]
[EventDate "2021.09.04"]
[EventType "swiss"]
[EventRounds "9"]
[EventCountry "NET"]
[SourceTitle "EXT 2023"]
[Source "ChessBase"]
[SourceDate "2022.10.05"]
[SourceVersion "1"]
[SourceVersionDate "2022.10.05"]
[SourceQuality "1"]

1. e4 c5 2. c3 d5 3. exd5 Qxd5 4. d4 Nf6 5. Nf3 Nc6 6. Be2 cxd4 7. cxd4 e6 8. 0-0 Be7 9. Nc3 Qd6 10. Nb5 Qd8 11. Bf4 Nd5 12. Be5 Nxe5 13. dxe5 a6 14. Nbd4 0-0 15. Rc1 Bd7 16. Qb3 b5 17. Nc6 Bxc6 18. Rxc6 Qd7 19. Rc2 Rac8 20. Rfc1 Rxc2 21. Qxc2 Nf4 22. Bf1 Rd8 23. Qe4 Nd5 24. Nd4 Bg5 25. Rd1 Ne7 26. Rd3 Nd5 27. h4 Bh6 28. Nf3 Qe7 29. Nd4 Rc8 30. Nf5 exf5 31. Qxd5 g6 32. h5 Rc5 33. Qd8+ Bf8 34. Qxe7 Bxe7 35. hxg6 fxg6 36. Re3 Kf7 37. a4 Ke6 38. axb5 axb5 39. f4 Rc2 40. Rb3 b4 41. Rh3 Bc5+ 42. Kh2 h5 43. b3 Rc3 44. Bc4+ Ke7 45. Bd5 Bf2 46. Rf3 Rxf3 47. Bxf3 h4 48. Kh3 Bg3 49. Be2 Bxf4 50. Kxh4 Ke6 51. g4 fxg4 52. Kxg4 Kxe5 53. Bc4 g5 54. Bg8 Kd4 55. Bc4 Kc3 56. Be6 Kd3 57. Bc4+ Ke3 58. Bd5 1/2-1/2

[Event "Pan American-ch Hybrid U14 Girls 31st"]
[Site "Tornelo INT"]
[Date "2021.09.04"]
[Round "1"]
[White "De Ramos, Mitzi Vedan"]
[Black "Tapia, Luany"]
[Result "1-0"]
[WhiteElo "1402"]
[BlackElo "1067"]
[PlyCount "65"]
[EventDate "2021.09.04"]
[EventType "swiss"]
[EventRounds "9"]
[EventCountry "NET"]
[SourceTitle "EXT 2023"]
[Source "ChessBase"]
[SourceDate "2022.10.05"]
[SourceVersion "1"]
[SourceVersionDate "2022.10.05"]
[SourceQuality "1"]

1. e4 c5 2. c3 d6 3. d4 cxd4 4. cxd4 Nf6 5. Nc3 g6 6. Bc4 Bg7 7. Nf3 a6 8. 0-0 b5 9. Bb3 Bb7 10. Qe2 0-0 11. Rd1 Qc7 12. e5 dxe5 13. dxe5 Ng4 14. Bf4 Nd7 15. Nd5 Qd8 16. e6 fxe6 17. Qxe6+ Kh8 18. Qxg4 Rc8 19. Nc7 Rxc7 20. Bxc7 Qxc7 21. Qxd7 Qxd7 22. Rxd7 Be4 23. Rxe7 Bxb2 24. Re1 Bxf3 25. gxf3 Rxf3 26. Re8+ Kg7 27. R1e7+ Kh6 28. Bg8 Bd4 29. Rxh7+ Kg5 30. h4+ Kg4 31. Be6+ Kf4 32. Rf7+ Ke4 33. Bg4+ 1-0

[Event "Pan American-ch Hybrid U14 Girls 31st"]
[Site "Tornelo INT"]
[Date "2021.09.04"]
[Round "4"]
[White "Hernandez, Sofia"]
[Black "De Ramos, Mitzi Vedan"]
[Result "0-1"]
[WhiteElo "1459"]
[BlackElo "1402"]
[PlyCount "44"]
[EventDate "2021.09.04"]
[EventType "swiss"]
[EventRounds "9"]
[EventCountry "NET"]
[SourceTitle "EXT 2023"]
[Source "ChessBase"]
[SourceDate "2022.10.05"]
[SourceVersion "1"]
[SourceVersionDate "2022.10.05"]
[SourceQuality "1"]

1. e4 e5 2. Nf3 Nc6 3. Bc4 Bc5 4. c3 Nf6 5. d3 h6 6. Bb3 d6 7. h3 0-0 8. Nbd2 Be6 9. Bc2 Bb6 10. Nf1 Re8 11. Ng3 Qd7 12. Nh4 Ne7 13. d4 exd4 14. cxd4 Nc6 15. Be3 Bc4 16. a3 d5 17. e5 Ne4 18. Ngf5 Ba5+ 19. b4 Nxb4 20. Bd2 Nxc2+ 21. Qxc2 Bxd2+ 22. Kd1 Qb5 0-1

[Event "Pirai do Sul op 25th"]
[Site "Chess.com INT"]
[Date "2020.12.28"]
[Round "10"]
[White "De Ramos, Mitzi Vedan"]
[Black "Schmidt, Guilherme Machado L"]
[Result "1-0"]
[WhiteElo "1362"]
[BlackElo "1534"]
[PlyCount "37"]
[EventDate "2020.12.26"]
[EventType "swiss"]
[EventRounds "12"]
[EventCountry "BRA"]
[SourceTitle "CBM 200 Extra"]
[Source "ChessBase"]
[SourceDate "2021.03.31"]
[SourceVersion "1"]
[SourceVersionDate "2021.03.31"]
[SourceQuality "1"]

1. e4 e6 2. d4 d5 3. Nc3 c5 4. Nf3 cxd4 5. Nxd4 dxe4 6. Nxe4 Nf6 7. Nxf6+ Qxf6 8. Bc4 Bc5 9. Nf3 0-0 10. 0-0 Rd8 11. Qe2 b6 12. Bg5 Qxb2 13. Bxd8 Bb7 14. Rab1 Qa3 15. Qd3 Qa4 16. Bb3 Qg4 17. h3 Qg3 18. Bh4 Qc7 19. Qd8+ 1-0

[Event "Pirai do Sul op 25th"]
[Site "Chess.com INT"]
[Date "2020.12.28"]
[Round "12"]
[White "Machado, Paulo Brizola"]
[Black "De Ramos, Mitzi Vedan"]
[Result "0-1"]
[WhiteElo "1577"]
[BlackElo "1362"]
[PlyCount "92"]
[EventDate "2020.12.26"]
[EventType "swiss"]
[EventRounds "12"]
[EventCountry "BRA"]
[SourceTitle "CBM 200 Extra"]
[Source "ChessBase"]
[SourceDate "2021.03.31"]
[SourceVersion "1"]
[SourceVersionDate "2021.03.31"]
[SourceQuality "1"]

1. e4 e5 2. Nf3 Nc6 3. Bb5 Bc5 4. c3 d6 5. d4 exd4 6. cxd4 Bb4+ 7. Kf1 a6 8. Bxc6+ bxc6 9. Qa4 a5 10. a3 Ba6+ 11. Kg1 Bb5 12. Qb3 Nf6 13. Bg5 h6 14. Bxf6 gxf6 15. h3 d5 16. axb4 dxe4 17. Qe3 f5 18. bxa5 Rg8 19. Nc3 Bc4 20. Ne5 Ra6 21. Nxc4 Qf6 22. b4 Qg6 23. Rh2 c5 24. b5 Rf6 25. Nd5 f4 26. Nxc7+ Kd8 27. Qe2 f3 28. Qe3 Qh5 29. Nd5 Rfg6 30. g3 Rxg3+ 31. fxg3 Rxg3+ 32. Kf2 Qh4 33. Qf4 Rg4+ 34. Qg3 Qxg3+ 35. Ke3 f2+ 36. Ke2 Qxh2 37. a6 Rg8 38. a7 Kd7 39. Ndb6+ Kc7 40. a8Q Rxa8 41. Nxa8+ Kb7 42. b6 Qg2 43. Ra7+ Kc6 44. Na5+ Kb5 45. b7 f1Q+ 46. Ke3 Qge2# 0-1

[Event "Pirai do Sul op 25th"]
[Site "Chess.com INT"]
[Date "2020.12.28"]
[Round "9"]
[White "Schmidt, Guilherme Machado L"]
[Black "De Ramos, Mitzi Vedan"]
[Result "0-1"]
[WhiteElo "1534"]
[BlackElo "1362"]
[PlyCount "84"]
[EventDate "2020.12.26"]
[EventType "swiss"]
[EventRounds "12"]
[EventCountry "BRA"]
[SourceTitle "CBM 200 Extra"]
[Source "ChessBase"]
[SourceDate "2021.03.31"]
[SourceVersion "1"]
[SourceVersionDate "2021.03.31"]
[SourceQuality "1"]

1. d4 Nf6 2. c4 g6 3. Nc3 d5 4. cxd5 Nxd5 5. e4 Nxc3 6. bxc3 Bg7 7. Be3 c5 8. Rc1 Qa5 9. Qb3 cxd4 10. Qb5+ Qxb5 11. Bxb5+ Bd7 12. Bxd7+ Nxd7 13. cxd4 0-0 14. Ne2 Rfc8 15. 0-0 Nb6 16. d5 Nc4 17. Bf4 Nd6 18. e5 Nc4 19. d6 Nxe5 20. Bxe5 Bxe5 21. d7 Rd8 22. Rfd1 Bd6 23. Nc3 Rxd7 24. Nb5 Rad8 25. Nxd6 Rxd6 26. Rxd6 Rxd6 27. g3 Rd2 28. a4 Rd4 29. a5 Ra4 30. Rc5 Kf8 31. Rb5 Ke8 32. Kf1 Kd8 33. Ke2 Kc7 34. Rc5+ Kd6 35. Rb5 Kc6 36. Re5 e6 37. Kd3 a6 38. Kc3 Kd6 39. Rg5 h6 40. Kb3 Re4 41. f3 Re3+ 42. Kc4 hxg5 0-1

[Event "Pirai do Sul op 25th"]
[Site "Chess.com INT"]
[Date "2020.12.27"]
[Round "6"]
[White "Da Silva, Jackson Bueno"]
[Black "De Ramos, Mitzi Vedan"]
[Result "1-0"]
[WhiteElo "1440"]
[BlackElo "1362"]
[PlyCount "101"]
[EventDate "2020.12.26"]
[EventType "swiss"]
[EventRounds "12"]
[EventCountry "BRA"]
[SourceTitle "CBM 200 Extra"]
[Source "ChessBase"]
[SourceDate "2021.03.31"]
[SourceVersion "1"]
[SourceVersionDate "2021.03.31"]
[SourceQuality "1"]

1. e4 e5 2. Nf3 Nc6 3. Bc4 Bc5 4. 0-0 Nf6 5. Nc3 0-0 6. d3 h6 7. h3 d6 8. Na4 Bd4 9. c3 Bb6 10. Nxb6 axb6 11. Re1 Be6 12. Bxe6 fxe6 13. d4 exd4 14. cxd4 e5 15. dxe5 Nxe5 16. Nxe5 dxe5 17. Qb3+ Kh8 18. Rd1 Qe7 19. Qc2 Qf7 20. Be3 Rxa2 21. Rxa2 Qxa2 22. Qxc7 Qxb2 23. Qxb7 Qc2 24. Rc1 Qxe4 25. Qxe4 Nxe4 26. Bxb6 Ng5 27. Re1 Re8 28. f4 Nf7 29. Re4 Rb8 30. Bc7 Rb1+ 31. Kh2 exf4 32. Rxf4 Kg8 33. Kg3 Ng5 34. h4 Ne6 35. Rc4 Rb3+ 36. Kg4 Rd3 37. Be5 Rd5 38. Ba1 Nc5 39. Kh3 Nb3 40. Rc8+ Kf7 41. Rc7+ Ke6 42. Bxg7 Rd3+ 43. Kh2 h5 44. Bh6 Rd5 45. Rc6+ Kf5 46. Bg5 Nc5 47. Rf6+ Ke4 48. Rh6 Nd3 49. Rxh5 Nf4 50. Rh8 Rd2 51. Re8+ 1-0

[Event "Pirai do Sul op 25th"]
[Site "Chess.com INT"]
[Date "2020.12.27"]
[Round "7"]
[White "De Ramos, Mitzi Vedan"]
[Black "Mota, Romulo Rodrigues"]
[Result "0-1"]
[WhiteElo "1362"]
[BlackElo "1827"]
[PlyCount "76"]
[EventDate "2020.12.26"]
[EventType "swiss"]
[EventRounds "12"]
[EventCountry "BRA"]
[SourceTitle "CBM 200 Extra"]
[Source "ChessBase"]
[SourceDate "2021.03.31"]
[SourceVersion "1"]
[SourceVersionDate "2021.03.31"]
[SourceQuality "1"]

1. e4 e6 2. d4 d5 3. Nc3 Nf6 4. Bd3 c5 5. Nf3 Nc6 6. Be3 c4 7. exd5 exd5 8. Be2 Bf5 9. 0-0 Be7 10. Bf4 0-0 11. Nb5 a6 12. Na3 b5 13. c3 Bxa3 14. bxa3 Qa5 15. Qc1 Ne4 16. Bd2 Rfe8 17. Bd1 Bg4 18. h3 Bh5 19. Rb1 Bg6 20. Ra1 Re7 21. Nh4 Nxd4 22. Bg5 Nxg5 23. Qxg5 Qxc3 24. Nxg6 hxg6 25. Qxe7 Qxa1 26. Bf3 Nxf3+ 27. gxf3 Qf6 28. Qb7 Rd8 29. Kg2 d4 30. Rd1 d3 31. Qe4 Qd4 32. Qe1 c3 33. Qf1 c2 34. Rc1 Qf4 35. Qg1 Qg5+ 36. Kh1 Qxg1+ 37. Rxg1 d2 38. Kg2 d1Q 0-1

[Event "Pirai do Sul op 25th"]
[Site "Chess.com INT"]
[Date "2020.12.27"]
[Round "8"]
[White "Mota, Romulo Rodrigues"]
[Black "De Ramos, Mitzi Vedan"]
[Result "1-0"]
[WhiteElo "1827"]
[BlackElo "1362"]
[PlyCount "68"]
[EventDate "2020.12.26"]
[EventType "swiss"]
[EventRounds "12"]
[EventCountry "BRA"]
[SourceTitle "CBM 200 Extra"]
[Source "ChessBase"]
[SourceDate "2021.03.31"]
[SourceVersion "1"]
[SourceVersionDate "2021.03.31"]
[SourceQuality "1"]

1. d4 Nf6 2. c4 g6 3. Nc3 d5 4. Nf3 Bg7 5. Qb3 dxc4 6. Qxc4 0-0 7. e4 b6 8. Be2 Bb7 9. e5 Nd5 10. 0-0 Nxc3 11. bxc3 c5 12. Qd3 cxd4 13. cxd4 Nc6 14. Ba3 Qc7 15. Rac1 Rad8 16. Qe3 Qd7 17. Bb5 Qd5 18. Bc4 Qd7 19. e6 Qc7 20. exf7+ Kh8 21. Bb5 Rxf7 22. Ng5 Rf5 23. Ne6 Qb8 24. Bxc6 Bxc6 25. Nxd8 Rh5 26. Nf7+ Kg8 27. h3 Bd5 28. Ne5 Bh6 29. f4 e6 30. g4 Rh4 31. Qg3 Rxh3 32. Qxh3 Qf8 33. g5 Qxa3 34. Qxa3 Bf8 1-0

[Event "Pirai do Sul op 25th"]
[Site "Chess.com INT"]
[Date "2020.12.26"]
[Round "4"]
[White "De Ramos, Mitzi Vedan"]
[Black "Staron, Douglas Rentz"]
[Result "1-0"]
[WhiteElo "1362"]
[BlackElo "1616"]
[PlyCount "59"]
[EventDate "2020.12.26"]
[EventType "swiss"]
[EventRounds "12"]
[EventCountry "BRA"]
[SourceTitle "CBM 200 Extra"]
[Source "ChessBase"]
[SourceDate "2021.03.31"]
[SourceVersion "1"]
[SourceVersionDate "2021.03.31"]
[SourceQuality "1"]

1. e4 c5 2. c3 e6 3. d4 d5 4. e5 cxd4 5. cxd4 Nc6 6. Nf3 Bb4+ 7. Nc3 Nge7 8. Bd3 0-0 9. 0-0 f5 10. exf6 Rxf6 11. a3 Ba5 12. Re1 Qf8 13. Bg5 Rxf3 14. Qxf3 Qxf3 15. gxf3 Nxd4 16. Bxe7 Nxf3+ 17. Kg2 Nxe1+ 18. Rxe1 Kf7 19. Bd6 d4 20. b4 Bb6 21. Ne4 e5 22. Bxe5 Bd7 23. Bg3 h6 24. Bc4+ Kg6 25. Nc5 Bc6+ 26. Kf1 Rd8 27. Re6+ Kf5 28. Bd3+ Kg4 29. h3+ Kxh3 30. Bf5# 1-0

[Event "Siqueira Campos Super 8"]
[Site "Chess.com INT"]
[Date "2020.12.11"]
[Round "9"]
[White "De Ramos, Mitzi Vedan"]
[Black "Pinto, Yasmin Zaika De So"]
[Result "1-0"]
[WhiteElo "1362"]
[BlackElo "1078"]
[PlyCount "111"]
[EventDate "2020.11.30"]
[EventType "tourn"]
[EventRounds "14"]
[EventCountry "BRA"]
[SourceTitle "EXT 2022"]
[Source "ChessBase"]
[SourceDate "2021.10.06"]
[SourceVersion "1"]
[SourceVersionDate "2021.10.06"]
[SourceQuality "1"]

1. e4 Nf6 2. Nc3 d5 3. exd5 Nxd5 4. Nxd5 Qxd5 5. d4 g6 6. Nf3 Bg7 7. c4 Qd6 8. Be2 0-0 9. 0-0 Nc6 10. Be3 Bg4 11. c5 Qd7 12. d5 Nb4 13. h3 Bf5 14. Bc4 Nc2 15. Rc1 Nxe3 16. fxe3 Bxb2 17. c6 bxc6 18. dxc6 Qxd1 19. Rcxd1 Rfd8 20. Ng5 Rxd1 21. Rxd1 h6 22. Nxf7 Kg7 23. Nd8 Be5 24. Ne6+ Bxe6 25. Bxe6 Bd6 26. Rb1 a5 27. Rb5 Kf6 28. Bg4 Ra6 29. Bf3 Bb4 30. Kf1 Ra8 31. Ke2 Rd8 32. Kf2 Rd2+ 33. Kg3 Rxa2 34. Rb7 Bd6+ 35. Kg4 a4 36. Bd5 Rxg2+ 37. Bxg2 a3 38. Bd5 h5+ 39. Kf3 Ke5 40. Bc4 Kf5 41. Ra7 Kg5 42. Ra5+ Kh4 43. Be6 Bb4 44. Ra4 Kg5 45. Rxb4 a2 46. Bxa2 e5 47. Re4 Kf6 48. Bd5 g5 49. Rc4 h4 50. Kg4 Kg6 51. Be6 Kf6 52. Bd7 Kg6 53. Rc5 Kf6 54. e4 Ke7 55. Rxe5+ Kd6 56. Rxg5 1-0

[Event "Siqueira Campos Super 8"]
[Site "Chess.com INT"]
[Date "2020.12.06"]
[Round "5"]
[White "De Ramos, Mitzi Vedan"]
[Black "Grebogi, Ana Lia"]
[Result "1-0"]
[WhiteElo "1362"]
[BlackElo "1062"]
[PlyCount "81"]
[EventDate "2020.11.30"]
[EventType "tourn"]
[EventRounds "14"]
[EventCountry "BRA"]
[SourceTitle "EXT 2022"]
[Source "ChessBase"]
[SourceDate "2021.10.06"]
[SourceVersion "1"]
[SourceVersionDate "2021.10.06"]
[SourceQuality "1"]

1. e4 e5 2. Nf3 Nc6 3. Bc4 Bc5 4. 0-0 Nf6 5. Nc3 0-0 6. d3 d6 7. h3 h6 8. Be3 Bxe3 9. fxe3 Ne7 10. Nh4 c6 11. d4 a5 12. a4 Bd7 13. Bb3 Rb8 14. Kh1 Be6 15. d5 cxd5 16. exd5 Bd7 17. e4 b6 18. Ne2 Nxe4 19. Qd3 Nc5 20. Qg3 Nxb3 21. Qxb3 Qc7 22. Ng3 Qc5 23. c4 Rfc8 24. Rac1 f6 25. Nf3 Ng6 26. Ne4 Qc7 27. Qa2 Nf4 28. Qa3 Qd8 29. Nxd6 Rc7 30. Nb5 Bxb5 31. cxb5 Rxc1 32. Rxc1 Rc8 33. Rxc8 Qxc8 34. d6 Qc1+ 35. Kh2 Qc2 36. Nh4 Qf2 37. Qg3 Qf1 38. d7 Qd1 39. Qg4 Qd2 40. Nf5 Qf2 41. Qxg7# 1-0

[Event "Siqueira Campos Super 8"]
[Site "Chess.com INT"]
[Date "2020.12.06"]
[Round "6"]
[White "De Ramos, Mitzi Vedan"]
[Black "Ramazzotte, Esther Zilli"]
[Result "0-1"]
[WhiteElo "1362"]
[BlackElo "1167"]
[PlyCount "152"]
[EventDate "2020.11.30"]
[EventType "tourn"]
[EventRounds "14"]
[EventCountry "BRA"]
[SourceTitle "EXT 2022"]
[Source "ChessBase"]
[SourceDate "2021.10.06"]
[SourceVersion "1"]
[SourceVersionDate "2021.10.06"]
[SourceQuality "1"]

1. e4 c6 2. d4 d5 3. Nc3 dxe4 4. Nxe4 Nf6 5. Nxf6+ exf6 6. Nf3 Bd6 7. Bd3 0-0 8. 0-0 Nd7 9. h3 b6 10. c3 Bb7 11. Re1 Re8 12. Bd2 Qc7 13. Be4 c5 14. Bxb7 Qxb7 15. dxc5 Bxc5 16. Be3 Bxe3 17. Rxe3 Rxe3 18. fxe3 Re8 19. Qd4 Nc5 20. Rd1 h6 21. Ne1 Qe7 22. Nc2 Qe4 23. Qxe4 Rxe4 24. Rd8+ Kh7 25. Ra8 Re7 26. Rc8 Nd3 27. b3 Nc1 28. Nb4 Rxe3 29. Rc7 Ne2+ 30. Kf2 Rxc3 31. Rxa7 Nd4 32. Rxf7 Kg6 33. Rb7 b5 34. Kg1 Rc1+ 35. Kh2 Re1 36. Rd7 Nf5 37. Rd5 Re5 38. Rxe5 fxe5 39. a4 Nd4 40. a5 Ne6 41. a6 Nc7 42. a7 Kf5 43. Kg3 e4 44. Kf2 g5 45. Ke3 Ke5 46. Nc2 Nd5+ 47. Kd2 Nb6 48. Na3 Kf4 49. Ke1 Kg3 50. Kf1 e3 51. Nxb5 e2+ 52. Kxe2 Kxg2 53. h4 gxh4 54. Nd4 h3 55. Nf5 h2 56. Ne3+ Kg1 57. Nd5 Na8 58. Nf4 h1Q 59. b4 Qh2+ 60. Ke3 Qg3+ 61. Ke4 Qe1+ 62. Kf5 Qxb4 63. Ne2+ Kf2 64. Nf4 Kf3 65. Nh5 Qg4+ 66. Kf6 Qxh5 67. Ke7 Qf5 68. Kd6 Ke4 69. Ke7 Qg6 70. Kd8 h5 71. Ke7 h4 72. Kd7 h3 73. Kd8 h2 74. Kc8 h1Q 75. Kd8 Qhh7 76. Kc8 Qgg8# 0-1

[Event "South America-ch U12 Girls 16th"]
[Site "Buenos Aires"]
[Date "2019.12.04"]
[Round "6.3"]
[White "Mundaca Bermedo, Pia Ignacia"]
[Black "De Ramos, Mitzi Vedan"]
[Result "1/2-1/2"]
[WhiteElo "1578"]
[BlackElo "1318"]
[PlyCount "55"]
[EventDate "2019.12.01"]
[EventType "swiss"]
[EventRounds "9"]
[EventCountry "ARG"]
[SourceTitle "EXT 2024"]
[Source "ChessBase"]
[SourceDate "2023.10.10"]
[SourceVersion "1"]
[SourceVersionDate "2023.10.10"]
[SourceQuality "1"]

1. e4 e5 2. Nf3 Nc6 3. d4 exd4 4. Nxd4 Bc5 5. Nf5 Qf6 6. Nc3 Bb4 7. Bd2 Nge7 8. Ne3 a6 9. g3 Ng6 10. Bg2 0-0 11. 0-0 Qd8 12. a3 Bc5 13. Qh5 d6 14. Kh1 Nce5 15. Qe2 Be6 16. Ncd5 c6 17. f4 cxd5 18. fxe5 Bxe3 19. Bxe3 dxe5 20. Rfd1 d4 21. c3 Qc8 22. cxd4 Bg4 23. Bf3 Bxf3+ 24. Qxf3 exd4 25. Bxd4 Rd8 26. Rdc1 Qe6 27. Rc7 Ne5 28. Bxe5 1/2-1/2